FIFA Rankings - First and Last Place - Statistics

General Stats
  • This quiz has been taken 88 times
  • The average score is 10 of 16
Answer Stats
Days Country % Correct
1,346 Argentina
99%
5,070 Brazil
98%
1,148 Germany
94%
1,959 Spain
94%
483 France
91%
188 Italy
89%
1,442 Belgium
86%
2939 San Marino
80%
28 Netherlands
79%
1364 American Samoa
43%
1923 São Tomé and Príncipe
22%
1806 Anguilla
20%
1197 Guam
16%
2225 Montserrat
16%
1221 Bahamas
15%
1238 Chad
15%
No matching quizzes found
Score Distribution
Percent of People with Each Score
Percentile by Number Answered
Your Score History
You have not taken this quiz